Diskriminácia v pracovnoprávnych vzťahoch

Téma diskriminácie v rámci rôznych fáz pracovnoprávnych vzťahov (inzercia práce a výberové konanie, pracovné a platové podmienky, skončenie pracovného pomeru).

Guardado en:
Detalles Bibliográficos
Autor principal: Mičudová, Tatiana
Formato: Capítulo de libro
Lenguaje:eslovaco
Materias:
Etiquetas: Agregar Etiqueta
Sin Etiquetas, Sea el primero en etiquetar este registro!

MARC

LEADER 00000naa a2200000 4500
001 0267269
005 20200724091407.4
041 0 |a slo 
044 |a SK 
245 1 0 |a Diskriminácia v pracovnoprávnych vzťahoch  |c Tatiana Mičudová 
520 |a Téma diskriminácie v rámci rôznych fáz pracovnoprávnych vzťahov (inzercia práce a výberové konanie, pracovné a platové podmienky, skončenie pracovného pomeru). 
610 2 0 |a diskriminácia pracovná 
610 2 0 |a vzťahy pracovnoprávne 
610 2 0 |a zákonník práce 
610 2 0 |a zamestnanci 
610 2 0 |a zamestnávatelia 
100 1 |a Mičudová, Tatiana